Seasoned diplomat to scholar prime minister : (Record no. 131059)
[ view plain ]
| 000 -LEADER | |
|---|---|
| fixed length control field | 00749nam a22002297a 4500 |
| 005 - DATE AND TIME OF LATEST TRANSACTION | |
| control field | 20170124110122.0 |
| 010 ## - LIBRARY OF CONGRESS CONTROL NUMBER | |
| LC control number | A-895082 |
| 020 ## - INTERNATIONAL STANDARD BOOK NUMBER | |
| Terms of availability | 00.00 |
| International Standard Book Number | 8170996759 |
| 035 ## - SYSTEM CONTROL NUMBER | |
| System control number | A-895082 |
| 037 ## - SOURCE OF ACQUISITION | |
| Source of stock number/acquisition | Cen Lib/Ret |
| 040 ## - CATALOGING SOURCE | |
| Original cataloging agency | DPL |
| Language of cataloging | EN |
| 082 ## - DEWEY DECIMAL CLASSIFICATION NUMBER | |
| Classification number | 923.2 |
| Item number | KHA |
| 100 ## - MAIN ENTRY--PERSONAL NAME | |
| Personal name | Khanna, S. K. |
| 9 (RLIN) | 8960 |
| 245 ## - TITLE STATEMENT | |
| Title | Seasoned diplomat to scholar prime minister : |
| Statement of responsibility, etc | by S. K. Khanna |
| Remainder of title | profile of I.K. Gujral / |
| 260 ## - PUBLICATION, DISTRIBUTION, ETC. (IMPRINT) | |
| Name of publisher, distributor, etc | New Delhi |
| Place of publication, distribution, etc | Mittal Publication |
| Date of publication, distribution, etc | 1997 |
| 270 ## - ADDRESS | |
| City | New Delhi |
| Address | A-110, Mohan Garden |
| Postal code | 110059 |
| 300 ## - PHYSICAL DESCRIPTION | |
| Extent | 255p. |
| Dimensions | 21cm(Hb) |
| 500 ## - GENERAL NOTE | |
| General note | Includes index |
| 650 ## - SUBJECT ADDED ENTRY--TOPICAL TERM | |
| Topical term or geographic name as entry element | India -- Politics and government -- 1977- |
| 9 (RLIN) | 37 |
| 650 ## - SUBJECT ADDED ENTRY--TOPICAL TERM | |
| Topical term or geographic name as entry element | Gujral, I. K. -- (Inder Kumar), -- 1919-2012 |
| 9 (RLIN) | 30702 |
| 942 ## - ADDED ENTRY ELEMENTS (KOHA) | |
| Source of classification or shelving scheme | Dewey Decimal Classification |
| Koha item type | English Books |
| Classification part | 923.2 |
| Call number suffix | KHA |
| Withdrawn status | Lost status | Damaged status | Not for loan | Home library | Current library | Date acquired | Source of acquisition | Cost, normal purchase price | Total Checkouts | Full call number | Barcode | Date last seen | Copy number | Cost, replacement price | Price effective from | Koha item type | Source of classification or shelving scheme | Collection code | Total Renewals | Date checked out |
|---|---|---|---|---|---|---|---|---|---|---|---|---|---|---|---|---|---|---|---|---|
| Central Library | Central Library | 13/07/2015 | Cen Lib/Ret | 0.00 | 923.2 KHA | A-895082 | 13/07/2015 | 1 | 0.00 | 13/07/2015 | English Books | |||||||||
| Sarojini Nagar | Sarojini Nagar | 23/05/2019 | 1 | 923.2 KHA | A-895084 | 16/04/2021 | 23/05/2019 | English Books | Dewey Decimal Classification | Non-fiction | 2 | 17/03/2021 |
